| 000 | 00792nam a2200253 a 4500 | ||
|---|---|---|---|
| 001 | 27873 | ||
| 003 | BD-RjUL | ||
| 005 | 20211209051219.0 | ||
| 008 | 140327s1980 ii b 001 0 eng | ||
| 035 | _a(BD-RjUL)27953 | ||
| 040 |
_aDLC _cDLC _dDLC _beng |
||
| 041 | _aeng | ||
| 082 | 0 | 0 |
_a324.254074 _219 _bCHS 1980 |
| 100 | 1 |
_aChaudhuri, Asim Kumar, _d1935- _985510 |
|
| 245 | 1 | 0 |
_aSocialist movement in India : _bthe Congress Socialist Party, 1934-1947 / _cAsim Kumar Chaudhuri. |
| 260 |
_aCalcutta : _bProgressive Publishers, _c1980. |
||
| 300 |
_a200, lxxvi p. ; _c22 cm. |
||
| 504 | _aIncludes index. | ||
| 610 | 2 | 0 |
_aSocialist Party (India) _985511 |
| 651 | 0 |
_aIndia _xPolitics and government _y1919-1947. _985512 |
|
| 942 |
_2ddc _cBK |
||
| 999 |
_c27873 _d27873 |
||